000 00342nam a2200133Ia 4500
008 240624s9999 xx 000 0 und d
041 _aeng
082 _a300 NOR
100 _aNORUSIS MARIJA
245 _aSPSS 17 0 ADVANCED STATISTICAL PROCEDURE
260 _c2010
_aNew Jersey
_bPrentice Hall
300 _a418p. : cm. ; 24
365 _c
_b30
999 _c14199
_d14199